Olympiacos FC Trivia - Statistics

General Stats
  • This quiz has been taken 210 times
    16 since last reset
  • The average score is 12 of 18
Answer Stats
Hint Answer % Correct
Who is the current owner of the club? Evangelos Marinakis
100%
What is the club's stadium called? Georgios Karaiskakis
92%
In which city is the stadium located? Piraeus
92%
Which player left Olympiacos to join a Premier League club for €19.6M in 2020? Daniel Podence
85%
Which Brazilian forward left Barcelona to join Olympiacos in that same season? Giovanni
85%
Who is the current manager of the club? José Luis Mendilibar
85%
Which Brazilian legend did Olympiacos sign in 2022? Marcelo
85%
Which is the biggest rival club of Olympiacos? Panathinaikos
85%
Which Ballon d'Or winner has played for Olympiacos? Rivaldo
85%
What is the club's nickname given by its own fans? Thrylos (Legend)
85%
Who has the most appearances (493) in the history of the club? Predrag Djordjevic
77%
Who is the all-time leading goalscorer of Olympiacos with 170 goals? Alexis Alexandris
54%
Who has the most assists (106) in the history of the club? Konstantinos Fortounis
54%
What is the club's mascot called? Leone
38%
Who did Olympiacos sign in the 99/00 season, making him the club's record signing? Zlatko Zahovic
38%
With what plant is the Adolescent who is depicted on the badge crowned with? Laurel
31%
Which club did Olympiacos win by 11-0, the club's biggest ever victory? APO Fostiras
23%
What is the nickname of the club? Red & White
23%
No matching quizzes found
Score Distribution
Percent of People with Each Score
Percentile by Number Answered
Your Score History
You have not taken this quiz since the last reset